MARC details
| 000 -LEADER |
| fixed length control field |
01044nam a22003257a 4500 |
| 001 - CONTROL NUMBER |
| control field |
200451156 |
| 003 - CONTROL NUMBER IDENTIFIER |
| control field |
TR-AnTOB |
| 005 - DATE AND TIME OF LATEST TRANSACTION |
| control field |
20241119104618.0 |
| 007 - PHYSICAL DESCRIPTION FIXED FIELD--GENERAL INFORMATION |
| fixed length control field |
ta |
| 008 - FIXED-LENGTH DATA ELEMENTS--GENERAL INFORMATION |
| fixed length control field |
230103s2020 tu a|||j |||| 00| 0 tur d |
| 020 ## - INTERNATIONAL STANDARD BOOK NUMBER |
| International Standard Book Number |
9786052362839 |
| 040 ## - CATALOGING SOURCE |
| Original cataloging agency |
TR-AnTOB |
| Language of cataloging |
eng |
| Description conventions |
rda |
| Transcribing agency |
TR-AnTOB |
| 041 0# - LANGUAGE CODE |
| Language code of text/sound track or separate title |
Türkçe |
| 092 ## - LOCALLY ASSIGNED DEWEY CALL NUMBER (OCLC) |
| Classification number |
410 |
| Item number |
TÜRe 2020 |
| 100 1# - MAIN ENTRY--PERSONAL NAME |
| Personal name |
Türker, Serpil |
| 9 (RLIN) |
140005 |
| 245 10 - TITLE STATEMENT |
| Title |
Evde su gibi okuyorum yazıyorum : |
| Remainder of title |
1 / |
| Statement of responsibility, etc. |
Hazırlayan: Dr. Serpil Türker. |
| 250 ## - EDITION STATEMENT |
| Edition statement |
1. baskı |
| 264 #1 - PRODUCTION, PUBLICATION, DISTRIBUTION, MANUFACTURE, AND COPYRIGHT NOTICE |
| Place of production, publication, distribution, manufacture |
İzmir : |
| Name of producer, publisher, distributor, manufacturer |
Sadık Uygun Yayınları, |
| Date of production, publication, distribution, manufacture, or copyright notice |
2020. |
| 300 ## - PHYSICAL DESCRIPTION |
| Extent |
64 pages : |
| Other physical details |
illustrations ; |
| Dimensions |
24 cm. |
| 336 ## - CONTENT TYPE |
| Source |
rdacontent |
| Content type term |
text |
| Content type code |
txt |
| 337 ## - MEDIA TYPE |
| Source |
rdamedia |
| Media type term |
unmediated |
| Media type code |
n |
| 338 ## - CARRIER TYPE |
| Source |
rdacarrier |
| Carrier type term |
volume |
| Carrier type code |
nc |
| 500 ## - GENERAL NOTE |
| General note |
"Hem akıllı tahta videoları hem de online eğitim videoları." |
|
| General note |
"e,l,a,k,i,n<br/>o,m,u,t,ü,y<br/>ö,r,ı,d,s,b<br/>z,ç,g,ş,c,p" |
|
| General note |
"Yeni programa göre." |
| 653 ## - INDEX TERM--UNCONTROLLED |
| Uncontrolled term |
Okuma kitapları |
| -- |
Çalışma kitapları |
| 942 ## - ADDED ENTRY ELEMENTS (KOHA) |
| Source of classification or shelving scheme |
Dewey Decimal Classification |
| Koha item type |
Book |